000
00326nam a22001457a 4500
008
230629b ||||| |||| 00| 0 eng d
020
_a
91109010328
041
_a
eng
080
_2
FIRST EDITION
_a
61
082
_a
61MSD
100
_a
4
101
_a
MJP
245
_a
THE MERCK MANUAL OF GERIATRICS
_c
MSD
942
_2
udc
_c
BK
999
_c
60061
_d
60061